1482 1279 1967 1051 1261 1591 1636 1043 1890 1566 1003 1882 1937 1299 1923 1498 1099 1924 1610 1228 1062 1658 1959 1051 1562 1817 1015 1016 1592 1859 1344 1920 1133 1509 1819 1614 1557 1580 1974 1363 1248 1099 1879 1216 1431 1986 1431 1219 1749 1307 1465 1449 1193 1537 1659 1702 1079 1171 1917 1428 1462 1123 1319 1457 1070 1635 1686 1558 1111 1045 1996 1678 1548 1033 1237 1813 1875 1592 1279 1261 1813 1885 1980 1377 1537 1862 1170 1608 1389 1183 1102 1325 1934 1170 1966 1561 1328 1276 1888 BCNSPRNW ULIB Ver.6.0+V

เปลี่ยนเป็นภาษาไทย

Change to English
 แสดงรายละเอียดบรรณานุกรม
  กลับหน้าหลัก

Brief Record : Get Marc (ISO 2709) : E-mail record : QR code < ปิดหน้าต่าง
LEADER : 00000nam 2200000uu 4500
001    13399111854
003     ULIB
008    110627s2552||||th 000 0 tha d
020    9786165000055
090    นว.^bณ399ส 2552
100 0  ณารา
245 00 สายเลือดแดนตะวัน/^cณารา
250    พิมพ์ครั้งที่ 4
260    กรุงเทพฯ :^bพิมพ์คำ,^c2552
300    551 หน้า
945    ^p340^l0^i026733
995    ทศพร
999 ^a ใช้งานได้ทุกระบบ
รายการนี้ยังไม่มีแท็ก
คุณยังไม่ได้ล็อกอิน คุณสามารถมีกิจกรรมร่วมกับเว็บไซต์ได้ แต่ต้องล็อกอินก่อน ::
  ล็อกอิน

รายการสื่อสารสนเทศ

ลำดับที่ ประเภท เลขเรียก/บาร์โค้ด สถานที่ สถานะ
- ไม่พบข้อมูล -

รายการใกล้เคียง
    ผู้แต่ง [ณารา]

BibComment


ยังไม่เคยถูกคอมเมนท์

คอมเมนท์ทรัพยากรรายการนี้
  คอมเมนท์: สายเลือดแดนตะวัน ..


 Copyright 2026. Bcnsprnw @Library